| 000 | 00635cam a22001935a 4500 | ||
|---|---|---|---|
| 001 | E153500 | ||
| 008 | 110802s1958 xxk f 000 0 eng d | ||
| 035 | _a(Sirsi) u153500 | ||
| 041 | 0 | _aeng | |
| 110 | 2 |
_aRoyal Institution of Chartered Surveyors _94900 |
|
| 245 | 0 | 0 | _aScale of professional charges for quantity surveying services |
| 250 | _aReprinted with amendments April 1958 | ||
| 260 |
_aLondon _bRICS _c1958 |
||
| 300 |
_a9p. _c12cm. |
||
| 520 | _aThis scale is also reproduced as Scale no. 36 in the RICS Scales of Professional Charges 1958 edition. | ||
| 651 | 4 |
_aUnited Kingdom _y |
|
| 690 | _aABOUT RICS | ||
| 942 | _n0 | ||
| 999 |
_c112555 _d112555 |
||